Sub-subcontract 2016. (Record no. 121429)

MARC details
000 -LEADER
fixed length control field 00992nam a2200325 i 4500
005 - DATE AND TIME OF LATEST TRANSACTION
control field 20230403162326.0
007 - PHYSICAL DESCRIPTION FIXED FIELD--GENERAL INFORMATION
fixed length control field ta
008 - FIXED-LENGTH DATA ELEMENTS--GENERAL INFORMATION
fixed length control field 230403s2016 enk 000|0 eng d
020 ## - INTERNATIONAL STANDARD BOOK NUMBER
ISBN 9780414054615
Qualifying information paperback
020 ## - INTERNATIONAL STANDARD BOOK NUMBER
ISBN 041405461X
Qualifying information paperback
041 ## - LANGUAGE CODE
Language code of text/sound track or separate title eng
110 2# - MAIN ENTRY--CORPORATE NAME
Corporate author Joint Contracts Tribunal,
Relator term author.
245 10 - TITLE STATEMENT
Title Sub-subcontract 2016.
Subtitle SubSub 2016
246 3# - VARIANT TITLE
Title SubSub 2016
246 32 - VARIANT TITLE
Title Generic contracts 2016
260 ## - PUBLICATION INFORMATION
Place of publication London,
Publisher Sweet & Maxwell,
Date 2016
264 #1 - PRODUCTION, PUBLICATION, DISTRIBUTION, MANUFACTURE, AND COPYRIGHT NOTICE
Place of production, publication, distribution, manufacture London :
Name of producer, publisher, distributor, manufacturer Sweet & Maxwell, Thomson Reuters (Professional),
Date of production, publication, distribution, manufacture, or copyright notice 2016.
264 #4 - PRODUCTION, PUBLICATION, DISTRIBUTION, MANUFACTURE, AND COPYRIGHT NOTICE
Date of production, publication, distribution, manufacture, or copyright notice ©2016
300 ## - PHYSICAL DESCRIPTION
Physical description ii, 26 pages ;
Dimensions 30 cm
490 ## - SERIES TITLE
Series statement JCT Contracts 2016
500 ## - GENERAL NOTE
General note Cover title.
650 #0 - KEYWORDS
Keywords Construction contracts
Geographic subdivision Great Britain.
651 ## - SUBJECT ADDED ENTRY--GEOGRAPHIC NAME
Geographic name United Kingdom
690 ## - BROAD SUBJECT
9 (RLIN) 6230
Broad subject Construction management
942 ## - ADDED ENTRY ELEMENTS (KOHA)
Suppress in OPAC Do not suppress in OPAC
336 ## - CONTENT TYPE
Content type term text
Source rdacontent
337 ## - MEDIA TYPE
Media type term unmediated
Source rdamedia
338 ## - CARRIER TYPE
Carrier type term volume
Source rdacarrier

No items available.